Subsurface Mississippian rocks of Kansas / (Record no. 27685)

MARC details
000 -LEADER
fixed length control field 01308cam a22002891 4500
001 - CONTROL NUMBER
control field gs 41000010
003 - CONTROL NUMBER IDENTIFIER
control field DLC
005 - DATE AND TIME OF LATEST TRANSACTION
control field 20260227111346.0
008 - FIXED-LENGTH DATA ELEMENTS--GENERAL INFORMATION
fixed length control field 780417s1940 ksuabf 000 0 eng c
010 ## - LIBRARY OF CONGRESS CONTROL NUMBER
LC control number gs 41000010
035 ## - SYSTEM CONTROL NUMBER
System control number (OCoLC)3807570
040 ## - CATALOGING SOURCE
Original cataloging agency U. S. Geol. survey. Library.
Transcribing agency TxEU
Modifying agency DLC
042 ## - AUTHENTICATION CODE
Authentication code premarc
050 00 - LIBRARY OF CONGRESS CALL NUMBER
Classification number QE113
Item number .A2 no. 33
082 ## - DEWEY DECIMAL CLASSIFICATION NUMBER
Classification number (557.81) 551.75
100 1# - MAIN ENTRY--PERSONAL NAME
Personal name Lee, Wallace,
Dates associated with a name 1883-
245 10 - TITLE STATEMENT
Title Subsurface Mississippian rocks of Kansas /
Statement of responsibility, etc. by Wallace Lee ; with Report on fossils of Mississippian age from well cores in western Kansas, by George H. Girty.
260 ## - PUBLICATION, DISTRIBUTION, ETC.
Place of publication, distribution, etc. Topeka, Kansas :
Name of publisher, distributor, etc. W. C. Austin, state printer,
Date of publication, distribution, etc. 1940.
300 ## - PHYSICAL DESCRIPTION
Extent 114 p. :
Other physical details incl. illus., tables, fold. plates, fold. maps ;
Dimensions 23 cm.
490 0# - SERIES STATEMENT
Series statement (Kansas. State geological survey. Bulletin 33)
500 ## - GENERAL NOTE
General note Bulletin of the University of Kansas, vol. 41, no. 17, September 1, 1940.
501 ## - WITH NOTE
With note With : Ground-water resources of Kansas / by Raymond C. Moore, with chapters by S. W. Lohman, J. C. Frye, H. A. Waite, T. G. McLaughlin and Bruce Latta, 1940. Bound together subsequent to publication.
Institution to which field applies DLC
504 ## - BIBLIOGRAPHY, ETC. NOTE
Bibliography, etc. note Bibliography: p. 113-114.
650 #0 - SUBJECT ADDED ENTRY--TOPICAL TERM
Topical term or geographic name entry element Geology, Stratigraphic
Chronological subdivision Mississippian.
650 #0 - SUBJECT ADDED ENTRY--TOPICAL TERM
Topical term or geographic name entry element Geology
Geographic subdivision Kansas.
700 1# - ADDED ENTRY--PERSONAL NAME
Personal name Girty, George Herbert,
Dates associated with a name 1869-1939.

No items available.

Powered by Koha